Jeans and identity for sale the case of Brazil /

Elmentve itt :
Bibliográfiai részletek
Szerző: Simai Szilvia
Dokumentumtípus: Cikk
Megjelent: 2011
Sorozat:Americana : E-Journal of American Studies in Hungary 7 No. 1
Kulcsszavak:Nemzeti tudat - Brazília, Identitástudat
Online Access:http://acta.bibl.u-szeged.hu/56550
LEADER 00645nab a2200169 i 4500
001 acta56550
005 20260224081030.0
008 190116s2011 hu o 000 hun d
022 |a 1787-4637 
040 |a SZTE Egyetemi Kiadványok Repozitórium  |b hun 
041 |a hun 
100 1 |a Simai Szilvia 
245 1 0 |a Jeans and identity for sale   |h [elektronikus dokumentum] :  |b the case of Brazil /  |c  Simai Szilvia 
260 |c 2011 
490 0 |a Americana : E-Journal of American Studies in Hungary  |v 7 No. 1 
695 |a Nemzeti tudat - Brazília, Identitástudat 
856 4 0 |u http://acta.bibl.u-szeged.hu/56550/2/americana_007_001_011/simai.html  |z Dokumentum-elérés